| 000 | 00564nam a2200217 a 4500 | ||
|---|---|---|---|
| 999 |
_c6249 _d6249 |
||
| 001 | 6249 | ||
| 003 | BD-JhCC | ||
| 005 | 20180118095348.0 | ||
| 008 | 180118s1969 en |||| || | 001 0 eng d | ||
| 035 | _a(BD-JhCC)6249 | ||
| 040 |
_aBD-JhCC _dBD-JhCC |
||
| 041 | _aeng | ||
| 082 |
_a428.1 _bBOU 1969 |
||
| 100 | _aBoulton, Marjorie | ||
| 245 |
_aSaying What We Mean / _cMarjorie Boulton, |
||
| 260 |
_aLondon : _bRoutledge & Kegan Paul Ltd. _c1969 |
||
| 300 |
_a170 p. : _c20 cm. |
||
| 650 |
_aSemantics _xEnglish Language |
||
| 942 |
_2ddc _cBK |
||